00549 2200181 4500245006200000020002200062250001100084100006900095100002600164650002600190005001900216260003500235041001400270084000800284500003300292490003300325336000900358 aENSIKLOPEDIA OLAHRAGA VOL.01cRATNA DIAJENG MINARDOhText a978-602-7618-31-2 aCet. 2 aDaftar Isi : Afrika selatan, Afrika tengah RATNA DIAJENG MINARDO aRATNA DIAJENG MINARDO aEnsiklopedia Olahraga a20240828090141 aJakartabKlik Publishingc2013 aIndonesia a796 aENSIKLOPEDIA OLAHRAGA VOL.01 aENSIKLOPEDIA OLAHRAGA VOL.01 atext